Aventuras de tres voluntarios (Record no. 22739)

MARC details
000 -LEADER
campo de control de longitud fija 00530nam a2200169 i 4500
001 - NÚMERO DE CONTROL
campo de control 22739
003 - IDENTIFICADOR DE NÚMERO DE CONTROL
campo de control ES-MaACL
005 - FECHA Y HORA DE LA ÚLTIMA TRANSACCIÓN
campo de control 20230906152741.0
007 - CAMPO FIJO DE DESCRIPCIÓN FÍSICA--INFORMACIÓN GENERAL
campo de control de longitud fija t|
008 - DATOS DE LONGITUD FIJA--INFORMACIÓN GENERAL
campo de control de longitud fija 021204s18701880sp ||||1| spa d
100 1# - ENTRADA PRINCIPAL--NOMBRE DE PERSONA
Nombre de persona Alvarez Pérez, José.
9 (RLIN) 20913
245 10 - MENCIÓN DEL TÍTULO
Título Aventuras de tres voluntarios
Resto del título : episodio de la guerra en la Isla de Cuba /
Mención de responsabilidad, etc. por José Alvarez Pérez.
260 ## - PUBLICACIÓN, DISTRIBUCIÓN, ETC.
Lugar de publicación, distribución, etc. Madrid :
Nombre del editor, distribuidor, etc. [s.n.,
Fecha de publicación, distribución, etc. 1873?] (
Fabricante Imp. Bibl. Inst. y Recreo)
300 ## - DESCRIPCIÓN FÍSICA
Extensión 277 p. ;
Dimensiones 19 cm.
852 ## - LOCALIZACIÓN
Ubicación ES-MaACL
Número de control de estantería D-918
852 ## - LOCALIZACIÓN
Ubicación ES-MaACL
Número de control de estantería D-3114
Holdings
Estatus retirado Estado de pérdida Estado de daño No para préstamo Colección Biblioteca de origen Biblioteca actual Ubicación en estantería Fecha de adquisición Fuente de adquisición Total de préstamos Signatura topográfica completa Código de barras Visto por última vez Precio de reemplazo Tipo de ítem Koha
        Libros del s. XIX Biblioteca del Ateneo de Madrid Biblioteca del Ateneo de Madrid Sala Valle Inclán 17/01/2008     D-3114 901023411 23/02/2023 23/02/2023 Libro impreso antiguo
        Libros del s. XIX Biblioteca del Ateneo de Madrid Biblioteca del Ateneo de Madrid Sala Valle Inclán 17/01/2008     D-918 901023410 23/02/2023 23/02/2023 Libro impreso antiguo